Library Logo

Pioneer International University Library Catalogue

The treasure of Sainte Foy / (Record no. 8911)

MARC details
000 -LEADER
fixed length control field 00660cam a2200229 i 4500
001 - CONTROL NUMBER
control field 4645836
003 - CONTROL NUMBER IDENTIFIER
control field OSt
005 - DATE AND TIME OF LATEST TRANSACTION
control field 20250901165748.0
008 - FIXED-LENGTH DATA ELEMENTS--GENERAL INFORMATION
fixed length control field 791011s1980 nyub 000 1 eng
010 ## - LIBRARY OF CONGRESS CONTROL NUMBER
LC control number 79023242
020 ## - INTERNATIONAL STANDARD BOOK NUMBER
International Standard Book Number 0689110251
040 ## - CATALOGING SOURCE
Original cataloging agency DLC
Transcribing agency DLC
Modifying agency DLC
050 00 - LIBRARY OF CONGRESS CALL NUMBER
Classification number PZ 4 .H4687 Tq 1980
Item number Tq 1980
Classification number PS3558.E458
082 00 - DEWEY DECIMAL CLASSIFICATION NUMBER
Classification number 813/.5/4
100 1# - MAIN ENTRY--PERSONAL NAME
Personal name Harris, MacDonald,
Dates associated with a name 1921-1993.
245 14 - TITLE STATEMENT
Title The treasure of Sainte Foy /
Statement of responsibility, etc. MacDonald Harris [i.e. D.W. Heiney].
250 ## - EDITION STATEMENT
Edition statement 1st ed.
260 ## - PUBLICATION, DISTRIBUTION, ETC.
Place of publication, distribution, etc. New York :
Name of publisher, distributor, etc. Atheneum,
Date of publication, distribution, etc. 1980.
300 ## - PHYSICAL DESCRIPTION
Extent 242 p. :
Other physical details map ;
Dimensions 24 cm.
906 ## - LOCAL DATA ELEMENT F, LDF (RLIN)
a 7
b cbc
c orignew
d 1
e ocip
f 19
g y-gencatlg
942 ## - ADDED ENTRY ELEMENTS (KOHA)
Source of classification or shelving scheme Library of Congress Classification
Koha item type Books
Holdings
Withdrawn status Lost status Source of classification or shelving scheme Damaged status Not for loan Home library Current library Shelving location Date acquired Total checkouts Full call number Barcode Date last seen Price effective from Koha item type
    Library of Congress Classification     Main Library Main Library   10/15/2024   PZ 4 .H4687 Tq 1980 PIU0007515 10/15/2024 10/15/2024 Books